000 01162nam a2200241Ia 4500
001 16118
003 GE_BSU
008 181216s||||||||xx |||||||||||||| ||und||
020 _a978-9941-10-971-3
040 _cGE_BSU
080 _a811.353.32
245 _aლაზურ-მეგრული გრამატიკა ტ. 1.მორფოლოგია
245 _cჭაბუკი ქირია, ლალი ეზუგბაია, ომარ მემიშიში, მერაბ ჩუხუა ; რედ. მერაბ ჩუხუა
260 _aთბილისი
260 _bმერიდიანი
260 _c2015
300 _a1072 გვ.. - რეზ. ინგლ.
300 _eბიბლიოგრ.: გვ. 934-1065
520 _aპროექტი განხორციელდა შოთა რუსთაველის ეროვნ. სამეცნ. ფონდის ფინანსური მხარდაჭერით.
653 _aლაზურ-მეგრული გრამატიკა
653 _aმორფოლოგია
942 _cBK
999 _c49207
_d49207